| 000 -LEADER |
| fixed length control field |
00374cam a22001217a 4500 |
| 008 - FIXED-LENGTH DATA ELEMENTS--GENERAL INFORMATION |
| fixed length control field |
180718b1959 xxu||||| |||| 00| 0 eng d |
| 082 ## - DEWEY DECIMAL CLASSIFICATION NUMBER |
| Classification number |
B71103x5451 An24/1959 |
| 100 ## - MAIN ENTRY--PERSONAL NAME |
| Personal name |
Andhra Pradesh. Law Department |
| 245 ## - TITLE STATEMENT |
| Title |
The Andhra Pradesh panchayat samithis and zilla parishads act |
| 260 ## - PUBLICATION, DISTRIBUTION, ETC. |
| Place of publication, distribution, etc. |
Hyderabad |
| Name of publisher, distributor, etc. |
The author |
| Date of publication, distribution, etc. |
1959 |
| 300 ## - PHYSICAL DESCRIPTION |
| Extent |
44p. |
| 500 ## - GENERAL NOTE |
| General note |
Act no. XXXV of 1959 |